Derecho del seguro marítimo
Salvato in:
| Autore principale: | |
|---|---|
| Natura: | Libro |
| Lingua: | inglese |
| Pubblicazione: |
Santiago, Chile.
Librotecnica,
2020
|
| Edizione: | Segunda edición actualizada |
| Soggetti: | |
| Tags: |
Aggiungi Tag
Nessun Tag, puoi essere il primo ad aggiungerne!!
|
MARC
| LEADER | 00000nam a22000007a 4500 | ||
|---|---|---|---|
| 003 | CL-VaPUC | ||
| 005 | 20240117104909.0 | ||
| 008 | 211028b2020 ||||| |||| 00| 0 eng d | ||
| 999 | |c 433860 |d 433858 | ||
| 020 | |a 978-956-327-197-3 | ||
| 040 | |c Pontificia Universidad Católica de Valparaíso | ||
| 082 | |a 343.096 BAR 2020 | ||
| 100 | |a Barroilhet Acevedo, Claudio |e autor |9 474796 | ||
| 245 | |a Derecho del seguro marítimo | ||
| 250 | |a Segunda edición actualizada | ||
| 260 | |a Santiago, Chile. |b Librotecnica, |c 2020 | ||
| 300 | |a 844 páginas | ||
| 500 | |a Donación Claudio Barroilhet Acevedo (autor) memo DER 003 27-10-2021 | ||
| 583 | |c 20211028 |k Sebastián Perez | ||
| 650 | 0 | |a Derecho marítimo |9 255301 | |
| 650 | 0 | |a Seguro marítimo |9 844250 | |
| 650 | 0 | |a Transporte marítimo |x Seguros |9 260127 | |
| 942 | |2 ddc |c BK | ||
| 952 | |0 0 |1 0 |2 ddc |4 0 |6 343_096000000000000_BAR_2020 |7 0 |8 A |9 579075 |a BIBDER |b BIBDER |d 2021-10-28 |e Donación |i 5624630 |o 343.096 BAR 2020 |p 5624630 |r 2023-01-25 |t 1 |w 2021-10-28 |y BK |k DER | ||
| 952 | |0 0 |1 0 |2 ddc |4 0 |6 343_096000000000000_BAR_2020 |7 0 |8 A |9 579076 |a BIBDER |b BIBDER |d 2021-10-28 |e Donación |i 5624649 |o 343.096 BAR 2020 |p 5624649 |r 2023-01-25 |t 2 |w 2021-10-28 |y BK |k DER | ||